000 00463nam a2200169Ia 4500
003 GCL
008 140319s9999 xx 000 0 eng d
040 _aGCL /
_cGCL
082 0 4 _a301.0962
_bW E
100 1 _aWINTER, MICHAEL
245 1 0 _aEGYPTIAN SOCIETY UNDER OTTOMAN RULE 1517 - 1798 /
_cWINTER, MICHAEL
260 _a[S.N] :
_bROUTLEDGE ،
_c1992
300 _a323 P
650 0 4 _aEGYPT - SOCIAL CONDITION
650 0 4 _aEGYPT - HISTORY
942 _2ddc
_cBK
999 _c10406
_d10406